000 01286aam a2200337 4500
001 768714001
003 CO-MdFUSB
005 20240527150257.0
007 ta
008 170306t1989 enk||||f |||| 00| 0 eng d
020 _a0-19-824849-0
040 _aCO-MdFUSB
_bspa
_cCO-MdFUSB
_dCO-MdFUSBC
_erda
041 _aeng
082 _224
_aG 233
_bSW978r
100 1 _aSwinburne, Richard
_eautor
245 0 0 _aResponsibility and atonement
_c/ Richard Swinburne
264 1 _aOxford, England :
_bClarendon Press,
_c℗[1989]
264 4 _c©1989
300 _a213 páginas
_c; 23 cm.
336 _2rdacontent
_atexto
_btxt
337 _2rdamedia
_asin mediación
_bn
338 _2rdacarrier
_avolumen
_bnc
501 _aIncluye índice (p. 209-213)
505 _aLa bondad de la moral - La responsabilidad moral y la debilidad de la voluntad - La importancia del libre albedrío - El mérito y la recompensa - La culpa, expiación y perdón - La condición moral del hombre - Castigo - Moralidad en Dios - El pecado y el pecado original - Redención - La santificación y la corrupción - Cielo e infierno
563 _aPasta dura
650 0 _aConducta de vida
_920
650 7 _aÉtica cristiana
_9185
942 _cBK
945 _aMiguel Ángel
999 _c46348
_d46348